Top 100 des plus grandes villes de Belgique - Statistiques

Statistiques générales
  • Ce quiz a été pris 49 fois
  • Le résultat moyen est 20 sur 100
Statistiques - réponses
Population Ville % Correct
177 307 Bruxelles
98%
196 272 Liège
93%
503 138 Anvers
89%
204 540 Charleroi
89%
248 739 Gand
80%
95 299 Mons
78%
110 558 Namur
78%
117 377 Bruges
76%
71 332 Ostende
73%
69 554 Tournai
60%
110 671 Anderlecht
53%
101 396 Louvain
53%
76 265 Courtrai
51%
77 651 Hasselt
49%
21 780 | 80 986 La Louvière
44%
86 304 Malines
44%
34 305 Wavre
38%
29 164 Ath
36%
58 234 Mouscron
36%
11 129 La Panne
33%
19 526 Eupen
31%
34 964 Ypres
31%
33 598 Binche
29%
13 544 Dinant
29%
127 909 Schaerbeek
29%
55 198 Verviers
29%
15 894 Bastogne
27%
28 521 Nivelles
27%
85 715 Alost
24%
21 293 Huy
24%
39 096 Hal
18%
12 654 Malmedy
18%
11 323 Virton
18%
11 790 Furnes
16%
31 032 Tongres
16%
38 347 Waregem
16%
27 017 Andenne
13%
31 132 Audenarde
13%
5 353 Bouillon
13%
8 498 Léau
13%
9 228 Philippeville
13%
36 101 Châtelet
11%
13 734 Enghien
11%
39 923 Geel
11%
35 712 Lierre
11%
41 438 Lokeren
11%
34 044 Lommel
11%
14 671 Thuin
11%
34 675 Tirlemont
11%
44 136 Turnhout
11%
17 767 Visé
11%
5 571 Saint-Hubert
9%
18 552 Lessines
7%
33 190 Menin
7%
19 718 Poperinge
7%
7 760 Antoing
4%
21 649 Braine-le-Comte
4%
20 890 Eeklo
4%
22 738 Fleurus
4%
5 629 Florenville
4%
15 353 Genappe
4%
5 206 Gouvy
4%
27 886 Harelbeke
4%
14 079 Jodoigne
4%
15 961 Landen
4%
5 939 Limbourg
4%
26 337 Renaix
4%
23 335 Saint-Ghislain
4%
7 145 Stavelot
4%
29 965 Aarschot
2%
32 318 Bilzen
2%
6 899 Chièvres
2%
18 063 Comines-Warneton
2%
23 824 Diest
2%
16 739 Dixmude
2%
9 940 Erquelinnes
2%
9 461 Halen
2%
28 117 Herentals
2%
5 531 Hotton
2%
5 222 Houffalize
2%
27 729 Iseghem
2%
10 697 Looz
2%
25 201 Maaseik
2%
8 185 Messancy
2%
25 824 Mortsel
2%
7 679 Neufchâteau
2%
16 406 Peer
2%
20 530 Thourout
2%
9 300 Audembourg
0%
7 137 Beaumont
0%
20 454 Dilsen-Stokkem
0%
14 427 Hamont-Achel
0%
12 661 Herck-la-Ville
0%
33 406 Heusden-Zolder
0%
6 942 Hoegaarden
0%
4 420 Minderhout
0%
6 759 Quiévrain
0%
18 514 Tessenderlo
0%
18 376 Walcourt
0%
Aucun quiz correspondant
Distribution des résultats
% des personnes avec chaque résultat
Percentile par nombre de réponses
Votre historique - résultats
Vous n’avez pas pris ce quiz